Использование принципов ролевой модели в рекламной коммуникации; Трансформация научных парадигм и коммуникативные практики в информационном социуме

Detaylı Bibliyografya
Parent link:Трансформация научных парадигм и коммуникативные практики в информационном социуме.— 2008.— С. 13-15
Yazar: Довгая А. А.
Diğer Yazarlar: Никитина А. Б.
Dil:Rusça
Baskı/Yayın Bilgisi: 2008
Konular:
Materyal Türü: MixedMaterials Kitap Bölümü
KOHA link:https://koha.lib.tpu.ru/cgi-bin/koha/opac-detail.pl?biblionumber=164888

MARC

LEADER 00000naa2a2200000 4500
001 164888
005 20231031161517.0
035 |a (RuTPU)RU\TPU\book\178884 
090 |a 164888 
100 |a 20090911d2008 k y0rusy50 ca 
101 0 |a rus 
102 |a RU 
200 1 |a Использование принципов ролевой модели в рекламной коммуникации  |f А. А. Довгая , А. Б. Никитина 
320 |a Библиогр.: 2 назв. 
463 0 |0 (RuTPU)RU\TPU\book\167187  |t Трансформация научных парадигм и коммуникативные практики в информационном социуме  |o сборник научных трудов I Всероссийской научно-практической конференции, Томск, 20-21 октября 2008 г.  |f Томский политехнический университет (ТПУ)  |v С. 13-15  |d 2008  |p 327 с. 
610 1 |a реклама 
610 1 |a ролевая модель 
610 1 |a коммуникации 
610 1 |a знаменитости 
610 1 |a рекламодатели 
610 1 |a эффективность 
610 1 |a звёзды 
610 1 |a исследования 
610 1 |a труды учёных ТПУ 
700 1 |a Довгая  |b А. А. 
701 1 |a Никитина  |b А. Б. 
801 1 |a RU  |b 63413507  |c 20090911 
942 |c BK